000 00676nam a2200217 a 4500
001 000012277
005 20250206101004.0
008 091110s2004 dr r 001 f spa d
040 _aDO-SdBNP
_bspa
_cBNPHU
082 _aRD863.44
_bD611u, 2004
100 1 _aDisla, Edwin,
_d1961-
_928921
245 1 0 _aUn perído de sombras /
_cEdwin Disla.
250 _a2a ed.
260 _aSanto Domingo :
_bYan,
_c2004.
300 _a238 p. ;
_c22 cm.
500 _aIncluye datos biográficos del autor en la contracubierta
590 _aInventariado, 2020/BT
650 0 _aNovela dominicana
_9223
650 0 _aLiteratura dominicana.
_967
910 0 _aValidado. Control de calidad MFF
999 _c11935
_d11935